000 00373nam a2200145Ia 4500
001 24169
008 140410s9999 xx 000 0 und d
040 _cPK-LaUMT
082 _a 220.0222
_bPIC-
245 _aPicture stories from the |Bible the new testament
260 _aLeicester,England:
_bBible Pictures Inc.,
_c1943
300 _a141 p.
546 _aEN
942 _cBK
999 _c24375
_d24375